000 03322cam a22005534i 4500
003 PE-LiUPU
005 20250731165615.0
008 150706s r 000 0 d
020 _a9788487670350
035 _a(Sirsi) i9788487670350
035 _a(Sirsi) i9788487670350
040 _aPE-LiUPU
_bspa
_cPE-LiUPU
_erda
049 _aPRUA
082 0 4 _a658.15
_bC77
_221
100 1 _aCortes Ibáñez, Elia,
_eautor.
245 1 0 _aGuía práctica de tesorería :
_bde la A a la Z /
_cElia Cortés Ibáñez, Juan Carlos Cortés Ibáñez .
264 1 _aMadrid :
_bWolters Kluwer,
_c2010.
300 _a659 páginas ;
_c24 cm.
336 _atext
_2rdacontent
337 _aunmediated
_2rdamedia
338 _avolume
_2rdacarrier
490 0 _aColección Edirectivos
505 0 _aApalancamiento financiero -- Aval / Garantía -- Banca electrónica -- Capital circulante -- Cartera -- Cash-Pooling centralización de tesorería -- Centralización de cuentas a cobrar y a pagar -- Centros de servicios financieros -- Contabilización de operaciones de tesorería -- Credit scoring -- Crédito y cobro a clientes -- Descuentos y plazos de cobro / pago -- Dimensión del departamento de cash management -- Excedente de tesorería -- Factura electrónica -- Financiación externa -- Financiación interna -- Floating -- Futuro del cash management -- Impagados -- Informes de tesorería -- Innovación en el departamento de cash management -- Instrumentos de cobro y pago -- Inversión -- Límites de crédito -- Mecanización departamento de cash management -- Método ABC -- Negociación banco empresa -- Negociación con clientes -- Netting -- Organización. Pueta en marcha del dpto. de cash management -- Planificación de tesorería -- Posición de tesorería -- Presupuestos de tesorería -- Previsiones de tesorería -- Principios básicos de cash management -- Ratios -- Relación banco empresa -- Relación con otros departamentos -- Resultado on-line sobre operaciones de compra - venta, cobro - pago. Riesgos de tipo de cambio. Coberturas -- Riesgos de tipo de interés. Coberturas -- Seguro de crédito. Sepa (single euro payments area) -- Transacciones exteriores -- Valor añadido en el área de cash management.
526 _aSEG44
526 _aSEG26
526 _aP151
526 _aP150
526 _aP149
526 _aP146
526 _aP145
526 _aP126
526 _aP125
526 _aP92
526 _aP75
526 _aP74
526 _aP27
526 _aP15
541 _g001-000718;
650 0 4 _aEmpresas
_xFinanzas
_vGuías.
650 0 4 _aFinanzas.
_93938
650 0 4 _aTesorería.
700 1 _aCortés Ibáñez, Juan Carlos,
_eautor.
910 _agl
_cjck
_d20121219
942 _2ddc
_cBOOK
949 _aRC 658.15 C77
_wDEWEY
_c1
_i66103
_lRC
_mBUL
_p54.00
_r0
_sY
_tBOOK
_u2015-7-6
_xFCE
_PP08
_0COMPRA
_o.CIRCNOTE. No olvidar cambiar la fecha de devolución!!!!!!!
_o.STAFF. Colección General
994 _aC0
_bPEPRU
596 _a1
999 _aRC 658.15 C77
_wDEWEY
_c54434
_i66103
_d54434
_f2021-11-8
_g6
_lCCODEBUL1
_mBUL
_p54.00
_q1
_r0
_sY
_tBOOK
_u2015-7-6
_xFCE
_PP08
_0COMPRA
_o.CIRCNOTE. No olvidar cambiar la fecha de devolución!!!!!!!
_o.STAFF. Colección General
980 _81
_gALBERTO SANCHEZ Responsable de Automatización